LIBRARY & INFORMATION CENTRE, KCAET, TAVANUR

ONLINE PUBLIC ACCESS CATALOGUE (OPAC)

General zoology / (Record no. 2000)

MARC details
000 -LEADER
fixed length control field 00465cam a2200193ua 4500
041 ## - LANGUAGE CODE
Language code of text/sound track or separate title eng
082 ## - DEWEY DECIMAL CLASSIFICATION NUMBER
Classification number 591
Item number STO/GE
100 ## - MAIN ENTRY--AUTHOR NAME
Personal name Storer, Tracy .I .
245 ## - TITLE STATEMENT
Title General zoology /
250 ## - EDITION STATEMENT
Edition statement 3 /
260 ## - PUBLICATION, DISTRIBUTION, ETC. (IMPRINT)
Place of publication :
Name of publisher McGraw Hill Book Company ,
Year of publication 1951.
300 ## - PHYSICAL DESCRIPTION
Number of Pages 664 ; .
700 1# - ADDED ENTRY--PERSONAL NAME
Personal name Usinger, Robert.L .
942 ## - ADDED ENTRY ELEMENTS (KOHA)
Koha item type Books
Holdings
Withdrawn status Lost status Damaged status Home library Current library Date acquired Full call number Accession Number Koha item type
      KAUAET KAUAET 07/04/2012 591 STO/GE 4893 Books
free website counter